Pokemon by first and last letters - gen 2 - Statistics

General Stats
  • This quiz has been taken 54 times
  • The average score is 13 of 21
Answer Stats
First Answer Last % Correct
X Xatu U
98%
P Porygon2 2
90%
F Furret T
83%
I Igglybuff F
79%
E Entei I
76%
S Swinub B
74%
F Feraligatr R
67%
G Girafarig G
67%
H Heracross S
67%
O Octillery Y
64%
A Azumarill L
60%
R Remoraid D
60%
F Flaaffy Y
57%
S Steelix X
57%
C Chinchou U
52%
M Misdreavus S
50%
P Pupitar R
50%
D Dunsparce E
45%
B Bellossom M
43%
G Granbull L
43%
B Blissey Y
33%
No matching quizzes found
Score Distribution
Percent of People with Each Score
Percentile by Number Answered
Your Score History
You have not taken this quiz